El Proyecto Camisea y sus efectos en los derechos de las personas / (Registro nro. 63337)

Detalles MARC
000 -LEADER
campo de control de longitud fija 02025nam a22003854i 4500
003 - IDENTIFICADOR DE NÚMERO DE CONTROL
campo de control PE-LiUPU
005 - FECHA Y HORA DE LA ÚLTIMA TRANSACCIÓN
campo de control 20260325163552.0
008 - DATOS DE LONGITUD FIJA--INFORMACIÓN GENERAL
campo de control de longitud fija 060301s2006 pe a b 000 0 spa d
035 ## - NÚMERO DE CONTROL DEL SISTEMA
Número de control de sistema PE-LiUPU000013
040 ## - FUENTE DE CATALOGACIÓN
Centro catalogador/agencia de origen PE-LiUPU
Lengua de catalogación spa
Centro/agencia transcriptor PE-LiUPU
Normas de descripción rda
041 0# - CÓDIGO DE IDIOMA
Código de lengua del texto/banda sonora o título independiente spa
082 04 - NÚMERO DE LA CLASIFICACIÓN DECIMAL DEWEY
Número de clasificación 333.823
Cutter P471p
Número de edición TP
110 2# - ENTRADA PRINCIPAL--NOMBRE DE ENTIDAD CORPORATIVA
Nombre de entidad corporativa o nombre de jurisdicción como elemento de entrada Perú.
Unidad subordinada Defensoría del Pueblo,
Término indicativo de función/relación autor corporativo.
245 13 - MENCIÓN DEL TÍTULO
Título El Proyecto Camisea y sus efectos en los derechos de las personas /
Mención de responsabilidad, etc. [Defensoría del Pueblo, Adjuntía para los Servicios Públicos y el Medio Ambiente].
246 3# - FORMA VARIANTE DEL TITULO
Título propio/Titulo breve Proyecto Camisea y sus efectos en los derechos de las personas
264 #1 - PRODUCCIÓN, PUBLICACIÓN, DISTRIBUCIÓN, FABRICACIÓN Y COPYRIGHT
Producción, publicación, distribución, fabricación y copyright Lima :
Nombre del de productor, editor, distribuidor, fabricante Defensoría del Pueblo,
Fecha de producción, publicación, distribución, fabricación o copyright marzo de 2006.
300 ## - DESCRIPCIÓN FÍSICA
Extensión 101 páginas ;
Dimensiones 28 cm
336 ## - TIPO DE CONTENIDO
Término de tipo de contenido text
Fuente rdacontent
337 ## - TIPO DE MEDIO
Nombre/término del tipo de medio unmediated
Fuente rdamedia
338 ## - TIPO DE SOPORTE
Nombre/término del tipo de soporte volume
Fuente rdacarrier
490 0# - MENCIÓN DE SERIE
Mención de serie Serie Informes Defensoriales ;
Designación de volumen o secuencia 103
500 ## - NOTA GENERAL
Nota general Primera edición: marzo de 2006.
500 ## - NOTA GENERAL
Nota general Hecho el depósito legal en la Biblioteca Nacional del Perú N° 2006-2113.
500 ## - NOTA GENERAL
Nota general El informe fue elaborado por la Adjuntía para los Servicios Públicos y el Medio Ambiente.
504 ## - NOTA DE BIBLIOGRAFÍA, ETC.
Nota de bibliografía, etc. Incluye referencias bibliográficas.
505 0# - NOTA DE CONTENIDO CON FORMATO
Nota de contenido con formato El proyecto del gas de Camisea -- Objetivos del informe defensorial -- Competencia de la Defensoría del Pueblo -- Derechos fundamentales y desarrollo sostenible -- Principales actuaciones defensoriales -- Derecho a la vida y la salud de los pueblos indígenas en aislamiento y contacto inicial -- Daños al medio ambiente -- Participación ciudadana y acceso a la información.
546 ## - NOTA DE IDIOMA
Nota de lengua/lenguaje Texto en español.
650 18 - PUNTO DE ACCESO ADICIONAL DE MATERIA--TÉRMINO DE MATERIA
Término de materia o nombre geográfico como elemento de entrada Proyecto Camisea
Subdivisión general Aspectos sociales
9 (RLIN) 8212
650 28 - PUNTO DE ACCESO ADICIONAL DE MATERIA--TÉRMINO DE MATERIA
Término de materia o nombre geográfico como elemento de entrada Proyectos de desarrollo
Subdivisión geográfica Perú
-- Camisea (Cus.)
9 (RLIN) 8213
650 20 - PUNTO DE ACCESO ADICIONAL DE MATERIA--TÉRMINO DE MATERIA
Término de materia o nombre geográfico como elemento de entrada Derechos humanos
Subdivisión geográfica Perú.
9 (RLIN) 3988
650 28 - PUNTO DE ACCESO ADICIONAL DE MATERIA--TÉRMINO DE MATERIA
Término de materia o nombre geográfico como elemento de entrada Gas natural
Subdivisión general Aspectos ambientales
Subdivisión geográfica Perú
9 (RLIN) 8214
650 28 - PUNTO DE ACCESO ADICIONAL DE MATERIA--TÉRMINO DE MATERIA
Término de materia o nombre geográfico como elemento de entrada Indígenas del Perú
Subdivisión general Derechos civiles
9 (RLIN) 8215
942 ## - ELEMENTOS DE ENTRADA SECUNDARIOS (KOHA)
Fuente del sistema de clasificación o colocación Clasificación Decimal Dewey
Tipo de ítem Koha Libros de referencia
980 ## - EQUIVALENCIA O REFERENCIA-CRUZADA-MENCIÓN DE SERIE--NOMBRE DE PERSONA/TÍTULO [LOCAL, CANADÁ]
ID del usuario creador del registro 18228
Nombre del creador del registro Rebeca Esther Huerta Leyton
ID del último usuario que modificó el registro 18226
Nombre del último usuario que modificó el registro Jaime Vilcazán Jefe de Análisis Documental
Existencias
Visto por última vez Total de préstamos Signatura topográfica completa Código de barras Copia número Coste, precio de reemplazo Fecha de reemplazo Facultad Tipo de ítem Koha Estado de pérdida Fuente del sistema de clasificación o colocación Restricciones de uso No para préstamo Colección Programa académico Biblioteca de origen Biblioteca actual Ubicación en estantería Fecha de adquisición Fuente de adquisición
2026-03-31   333.823 P471p 83142 e1 12.00 2026-03-24 FACIHED Libros de referencia No Perdido Clasificación Decimal Dewey No restringido Disponible para préstamos Colección General Derecho presencial Biblioteca CRAI UPeU Lima Biblioteca CRAI UPeU Lima Sala principal 2026-02-12 Donación, Jhon Eden Rosario Campos